| 000 | 01267cam a2200313 a 4500 | ||
|---|---|---|---|
| 001 | 656356 | ||
| 003 | OSt | ||
| 005 | 20240617114108.0 | ||
| 008 | 941007s1995 dcua b 001 0 eng d | ||
| 010 | _a 94079528 | ||
| 020 | _a0883856395 | ||
| 035 | _a(OCoLC)32398391 | ||
| 040 |
_aIaFairM _cMUST _dWaPS _dDLC |
||
| 042 | _alccopycat | ||
| 082 | 0 | 0 |
_a516 _bHON 1995 |
| 100 | 1 |
_aHonsberger, Ross, _d1929- _917329 |
|
| 245 | 1 | 0 |
_aEpisodes in nineteenth and twentieth century Euclidean geometry / _cby Ross Honsberger. |
| 260 |
_aWashington : _bMathematical Association of America, _c1995. |
||
| 300 |
_ax, 174 p. : _bill. ; _c23 cm. |
||
| 440 | 0 |
_aNew mathematical library ; _v37 _917330 |
|
| 504 | _aIncludes bibliographical references (p. [155]) and index. | ||
| 650 | 0 |
_aGeometry, Projective. _917331 |
|
| 710 | 2 |
_aMathematical Association of America. _917266 |
|
| 856 | 4 | 2 |
_3Publisher description _uhttp://www.loc.gov/catdir/description/cam026/94079528.html |
| 856 | 4 | 1 |
_3Table of contents _uhttp://www.loc.gov/catdir/toc/cam027/94079528.html |
| 906 |
_a7 _bcbc _ccopycat _d2 _eopcn _f19 _gy-gencatlg |
||
| 942 |
_2ddc _cO_SHELF |
||
| 999 |
_c8535 _d8535 |
||